First draft of a model law or laws on restrictiove business practices to assist developing countries in devising appropriate legislation (Record no. 497910)

000 -LEADER
fixed length control field 00479cam a22001097a 4500
008 - FIXED-LENGTH DATA ELEMENTS--GENERAL INFORMATION
fixed length control field 180718b1979 xxu||||| |||| 00| 0 eng d
082 ## - DEWEY DECIMAL CLASSIFICATION NUMBER
Classification number T315 Un3f
245 ## - TITLE STATEMENT
Title First draft of a model law or laws on restrictiove business practices to assist developing countries in devising appropriate legislation
Statement of responsibility, etc. by United Nations Conference on Trade and Development
260 ## - PUBLICATION, DISTRIBUTION, ETC.
Place of publication, distribution, etc. New York
Name of publisher, distributor, etc. United Nations
Date of publication, distribution, etc. 1979
300 ## - PHYSICAL DESCRIPTION
Extent 19+p.
700 ## - ADDED ENTRY--PERSONAL NAME
Personal name United Nations Conference on Trade and Development
Holdings
Withdrawn status Lost status Damaged status Not for loan Permanent Location Current Location Date acquired Full call number Barcode Date last seen Price effective from Koha item type
        Indian Institute of Public Administration Indian Institute of Public Administration 2018-08-04 T315 Un3f G14883 2018-08-04 2018-08-04 G

Powered by Koha